00794nam a22002055i 4500001000700000003000900007005001700016008004100033040002000074100002800094245006400122260006700186300002700253710003400280710004000314752004300354852004600397999001900443952012600462167865ES-MaACL20230906213619.0050929s1893 xxu | |||||||| ||eng d aCAM bspa cCAM1 aWard, Lester F.911608114aThe psychic factors of civilization / cby Lester F. Ward. aBoston, USA : bGinn & Company, c1893 (fThe Athenaeum Press) aXXI, 369 p. ; c24 cm.2 aGinn & Company, eed.91344152 aThe Athenaeum Press, eimp.9134969 aEstados Unidos de América - dBoston aES-MaACLjG-10450 z-- Enc. tela marrón c167865d167865 001040708LIBXIXaATENEOMbATENEOMcSPP3d2008-01-17eSSCl0oG-10450p1176110r2023-02-23 00:00:00w2023-02-23yMONANT